MDQL
is popping MORE tags! Check the
thread
!
Quizzes
Events
Quiz Creation
Community
Videos
Private Events
Remove Ads
Sign In
Join for FREE
Feedback
Dark Mode
Quiz Categories
Sports
Geography
Music
Movies
Television
Just For Fun
Miscellaneous
History
Literature
Language
Science
Gaming
Entertainment
Religion
Holiday
For Kids
Quiz Lab
Recent
Popular Today
Quiz Kudos Today
Editor Picks
Curator Picks
Quizzes by...
Day
Popularity
Type
Ratings
Length
Year
Community
Subscriptions
Recent Discussions
Orange Saloon
Badges
Playlists
Quests
Create
Leaderboards
Showdown
Live 5
Trivia Bingo
Activity
Puzzle Library
Sporcle Events
Private Events
Virtual Trivia
Globe League
Become a Host
Pub Owners
SporcleCon
Opinionation
Our Games
Videos
Blog
Mobile Apps
Partnerships
Remove Ads and Go Orange
Feedback
Sports
Athletes
MLB
NBA
NHL
NFL
Soccer
Sports Teams
WWE
NCAA
Football
Premier League
Basketball
Baseball
Hockey
Golf
Tennis
Cricket
Rugby
Auto Racing
Olympics
World Cup
Sports
Athletes
MLB
NBA
NHL
NFL
Soccer
Sports Teams
WWE
NCAA
Football
Premier League
Basketball
Baseball
Hockey
Golf
Tennis
Cricket
Rugby
Auto Racing
Olympics
World Cup
Random Quiz
Search Sporcle
×
Quiz Lab
Quiz Lab
Sports
Hockey
Type in answers that appear in a list
Type in answers that appear in a list
Classic
Best Score? Go Orange.
Highest Paid Hockey Player since 1989 Stats
Can you name the Highest Paid Hockey Player since 1989?
By
jetsfan11
7m
26 Questions
110 Plays
110 Plays
110 Plays
Comments
Comments
Give Quiz Kudos
Give Quiz Kudos
-
- Ratings
hide this ad
More Info
Forced Order
Answers have to be entered in order
Answers have to be entered in order
Replay
Link that replays current quiz
Next Quiz
Link to next quiz in quiz playlist
You Got
0%
They Got
Avg Score
72%
Avg Friend Score
Upgrade to see
Score Distribution
Jump to the score distribution portion of the page
Score
0/26
Timer
07:00
0
Plays Today
Year
Player
% Correct
2010-
11
Vincent Lecavalier
92.7%
2010-
11
Roberto Luongo
90%
2009-
10
Vincent Lecavalier
82.7%
1989-
90
Mario Lemieux
78.2%
1999-
00
Jaromir Jagr
77.3%
1996-
97
Mario Lemieux
77.3%
1995-
96
Wayne Gretzky
76.4%
1991-
92
Wayne Gretzky
76.4%
1990-
91
Wayne Gretzky
76.4%
1997-
98
Joe Sakic
75.5%
2003-
04
Peter Forsberg
74.5%
2003-
04
Jaromir Jagr
74.5%
2000-
01
Paul Kariya
74.5%
Year
Player
% Correct
1994-
95
Wayne Gretzky
73.6%
2002-
03
Jaromir Jagr
72.7%
2001-
02
Jaromir Jagr
72.7%
2000-
01
Peter Forsberg
72.7%
2008-
09
Dany Heatley
71.8%
2005-
06
Jaromir Jagr
70.9%
2006-
07
Jaromir Jagr
70%
1993-
94
Eric Lindros
64.5%
1992-
93
Eric Lindros
64.5%
1998-
99
Sergei Fedorov
60%
2007-
08
Daniel Briere
55.5%
2007-
08
Thomas Vanek
55.5%
2007-
08
Scott Gomez
50.9%
Quiz Playlist
Details
Report
Send in Message
Add To Playlist
More Info:
Highest Paid Hockey Players per season since 1989-90.
Classic:
Type in answers that appear in a list
Forced Order:
Answers have to be entered in order
Quiz Source
Last Updated: Feb 16, 2017
Quiz Scoreboard
CHALLENGE
Sign Up to Join the Scoreboard
Show All
Scores
Hide
Comments
May contain spoilers
Recently Published
Image Sorting: Flags VI
by Barbecue
Geography
2m
Find the 'City' Movie
by crazypaving
Movies
60s
Colored Red Africa Blitz
by spor1
Geography
45s
More to Explore
Quiz From the Vault
Featured Blog Post
14 Easter Pick-up Lines to Find Eggs With
hide this ad
You Might Also Like...
Tags
Hockey Quiz
1989
highest
Highest Paid
paid
Player
team
Today's Top Quizzes in Sports
Browse Sports
hide this ad
Today's Top Quizzes in Hockey
Browse Hockey
Top Contributed Quizzes in Sports
1
Les meilleurs buteurs des matchs entre le PSG et l’OM
2
Les entraîneurs de l'OM et du PSG au 21e siècle
3
Les joueurs passés par le PSG et l'OM
4
2022 World Cup Stars
5
Players with Multiple 50 Home Run Seasons
6
Criteria MLB: Left Handed Sluggers
7
Les joueurs passés par le LOSC et le RC Lens
8
NBA Logic Puzzle 2.0
9
MLB Players with Two .350 Batting Average Seasons
10
FIFA Club World Cup Champions
Explore More
Trending Topics
NBA
Harry Potter
Disney
Kpop
Marvel
Anime
Crossword
Song
Puzzle
NFL
Soccer
WWE
Pokémon
The Office
Country
hide this ad
More By:
jetsfan11
Quiz
Plays
Rating
Category
Featured
Created
MLB Players with 40+ HR and 120+ RBI in a Season
6,536
4.61
Sports
Dec 30, 2011
MLB Players with a OBP of .430 since 1990
3,269
4.52
Sports
Sep 28, 2011
MLB Pitchers with 20+ wins and 200+ Strikeouts in a Season
3,089
4.50
Sports
Dec 31, 2011
Most NHL Games Played with a Single Franchise
2,528
4.41
Sports
Aug 17, 2011
New York Mets Starting Pitchers 2000-2010
1,097
3.83
Sports
Aug 18, 2011
Go to Creator's Profile
Score Distribution
Quiz Creator Spotlight
jetsfan11
Follow
Send a Message
Quizzes Created
-
Created Quiz Play Count
-
More By This Creator
Popular Quizzes Today
1
Colored Red Africa Blitz
2
Find the US States - No Outlines Minefield
3
Find the 'City' Movie
4
5x2 Blitz: Bands
5
The Countries of the World
6
Find the US States
7
Find the Countries of Europe - No Outlines Minefield
8
US States
More Sports Quizzes
Chiefs Bandwagon Test
Quiz Lab
Trending Quizzes
Colored Red Europe Blitz I
Colored Red Europe Blitz II
Colored Red Africa Blitz II
Colored Red Europe Blitz III
Colored Red Africa Blitz III
Recently Updated
How Do You Spell That?
pecheneg
Godzilla Movies
pecheneg
Grab Bag: 4-10 Letters
pecheneg
2024 March Madness Bracket
pecheneg
Famous TV Couples
Peacemaker
Champions League XIs: Real Madrid
pecheneg
Largest US Cities 1790-2010
pecheneg
Rides in Walt Disney World
pecheneg
Most Oscar Losses (Acting)
pecheneg
Beyoncé Albums
pecheneg
Trending Topics
Harry Potter
Crossword
Kpop
NBA
Marvel
Disney
Anime
NFL
Pokémon
Country
The Office
Puzzle
Song
WWE
Soccer
Your Account Isn't Verified!
In order to create a playlist on Sporcle, you need to verify the email address you used during registration. Go to your
Sporcle Settings
to finish the process.
Report this User
Report this user for behavior that violates our
Community Guidelines
.
Details:
Send Report
Go to the Sporcle.com Mobile Site →
Comments